<?xml version="1.0" encoding="UTF-8"?>
<record
    xmlns:xsi="http://www.w3.org/2001/XMLSchema-instance"
    xsi:schemaLocation="http://www.loc.gov/MARC21/slim http://www.loc.gov/standards/marcxml/schema/MARC21slim.xsd"
    xmlns="http://www.loc.gov/MARC21/slim">

  <leader>00792nam a22002297a 4500</leader>
  <controlfield tag="005">20150124124151.0</controlfield>
  <controlfield tag="008">121128t        mx||||| |||| 00| 0 spa d</controlfield>
  <datafield tag="020" ind1=" " ind2=" ">
    <subfield code="a">9789701041932</subfield>
  </datafield>
  <datafield tag="020" ind1=" " ind2=" ">
    <subfield code="a">9701041933</subfield>
  </datafield>
  <datafield tag="050" ind1="0" ind2="4">
    <subfield code="a">QA551</subfield>
    <subfield code="b">G87 2004</subfield>
  </datafield>
  <datafield tag="100" ind1="1" ind2=" ">
    <subfield code="a">Guerra Tejada, Manuel</subfield>
  </datafield>
  <datafield tag="245" ind1="1" ind2="0">
    <subfield code="a">Geometr&#xED;a anal&#xED;tica /</subfield>
    <subfield code="c">Manuel Guerra Tejada, Silvia Figueroa Campos. ; Adapt, Ethelvina Alem&#xE1;n Zepeda. ; rev tec, Catalina Rangel Nafaile  </subfield>
  </datafield>
  <datafield tag="250" ind1=" " ind2=" ">
    <subfield code="a">1a ed.</subfield>
  </datafield>
  <datafield tag="260" ind1=" " ind2=" ">
    <subfield code="a">M&#xE9;xico :</subfield>
    <subfield code="b">McGraw-Hill,</subfield>
    <subfield code="c">2004</subfield>
  </datafield>
  <datafield tag="300" ind1=" " ind2=" ">
    <subfield code="a">x, 351 p. :</subfield>
    <subfield code="b">il. ;</subfield>
    <subfield code="c">27 cm.</subfield>
  </datafield>
  <datafield tag="504" ind1=" " ind2=" ">
    <subfield code="a">Incluye &#xED;ndice</subfield>
  </datafield>
  <datafield tag="650" ind1=" " ind2="7">
    <subfield code="2">Lemb</subfield>
    <subfield code="a">Geometr&#xED;a anal&#xED;tica</subfield>
  </datafield>
  <datafield tag="700" ind1="1" ind2=" ">
    <subfield code="a">Figueroa Campos, Silvia., </subfield>
    <subfield code="e">coaut.</subfield>
  </datafield>
  <datafield tag="700" ind1="1" ind2=" ">
    <subfield code="a">Alem&#xE1;n Zepeda, Ethelvina.,</subfield>
    <subfield code="e">adapt.</subfield>
  </datafield>
  <datafield tag="700" ind1="1" ind2=" ">
    <subfield code="a">Rangel Nafaile, Catalina., </subfield>
    <subfield code="e">rev tec.</subfield>
  </datafield>
  <datafield tag="942" ind1=" " ind2=" ">
    <subfield code="2">ddc</subfield>
    <subfield code="c">LIB</subfield>
  </datafield>
  <datafield tag="999" ind1=" " ind2=" ">
    <subfield code="c">35380</subfield>
    <subfield code="d">35380</subfield>
  </datafield>
  <datafield tag="952" ind1=" " ind2=" ">
    <subfield code="1">0</subfield>
    <subfield code="2">lcc</subfield>
    <subfield code="4">0</subfield>
    <subfield code="7">0</subfield>
    <subfield code="a">BACH-005</subfield>
    <subfield code="b">BACH-005</subfield>
    <subfield code="c">GENERAL</subfield>
    <subfield code="d">2012-11-28</subfield>
    <subfield code="e">Donaci&#xF3;n</subfield>
    <subfield code="o">QA551 G87 2004</subfield>
    <subfield code="p">PJM000002353</subfield>
    <subfield code="r">2015-01-16 00:00:00</subfield>
    <subfield code="t">C : 1</subfield>
    <subfield code="y">LIB</subfield>
  </datafield>
  <datafield tag="952" ind1=" " ind2=" ">
    <subfield code="1">0</subfield>
    <subfield code="2">lcc</subfield>
    <subfield code="4">0</subfield>
    <subfield code="7">0</subfield>
    <subfield code="a">BACH-005</subfield>
    <subfield code="b">BACH-005</subfield>
    <subfield code="c">GENERAL</subfield>
    <subfield code="d">2012-11-28</subfield>
    <subfield code="e">Donaci&#xF3;n</subfield>
    <subfield code="o">QA551 G87 2004</subfield>
    <subfield code="p">PJM000002352</subfield>
    <subfield code="r">2015-01-16 00:00:00</subfield>
    <subfield code="t">C : 2</subfield>
    <subfield code="y">LIB</subfield>
  </datafield>
  <datafield tag="952" ind1=" " ind2=" ">
    <subfield code="1">0</subfield>
    <subfield code="2">lcc</subfield>
    <subfield code="4">0</subfield>
    <subfield code="7">0</subfield>
    <subfield code="a">BACH-004</subfield>
    <subfield code="b">BACH-004</subfield>
    <subfield code="c">GENERAL</subfield>
    <subfield code="d">2016-11-09</subfield>
    <subfield code="k">CNE</subfield>
    <subfield code="o">QA551 G84 2004</subfield>
    <subfield code="p">PPO000005915</subfield>
    <subfield code="r">2016-11-09 00:00:00</subfield>
    <subfield code="t">C:1</subfield>
    <subfield code="y">LIB</subfield>
  </datafield>
  <datafield tag="952" ind1=" " ind2=" ">
    <subfield code="1">0</subfield>
    <subfield code="2">lcc</subfield>
    <subfield code="4">0</subfield>
    <subfield code="7">0</subfield>
    <subfield code="a">BACH-004</subfield>
    <subfield code="b">BACH-004</subfield>
    <subfield code="c">GENERAL</subfield>
    <subfield code="d">2016-11-09</subfield>
    <subfield code="k">CNE</subfield>
    <subfield code="o">QA551 G84 2004</subfield>
    <subfield code="p">PPO000005916</subfield>
    <subfield code="r">2016-11-09 00:00:00</subfield>
    <subfield code="t">C:2</subfield>
    <subfield code="y">LIB</subfield>
  </datafield>
  <datafield tag="952" ind1=" " ind2=" ">
    <subfield code="1">0</subfield>
    <subfield code="2">lcc</subfield>
    <subfield code="4">0</subfield>
    <subfield code="7">0</subfield>
    <subfield code="a">BACH-004</subfield>
    <subfield code="b">BACH-004</subfield>
    <subfield code="c">GENERAL</subfield>
    <subfield code="d">2016-11-09</subfield>
    <subfield code="k">CNE</subfield>
    <subfield code="o">QA551 G84 2004</subfield>
    <subfield code="p">PPO000005917</subfield>
    <subfield code="r">2016-11-09 00:00:00</subfield>
    <subfield code="t">C:3</subfield>
    <subfield code="y">LIB</subfield>
  </datafield>
  <datafield tag="952" ind1=" " ind2=" ">
    <subfield code="1">0</subfield>
    <subfield code="2">lcc</subfield>
    <subfield code="4">0</subfield>
    <subfield code="7">0</subfield>
    <subfield code="a">BACH-004</subfield>
    <subfield code="b">BACH-004</subfield>
    <subfield code="c">GENERAL</subfield>
    <subfield code="d">2016-11-09</subfield>
    <subfield code="k">CNE</subfield>
    <subfield code="o">QA551 G84 2004</subfield>
    <subfield code="p">PPO000005918</subfield>
    <subfield code="r">2016-11-09 00:00:00</subfield>
    <subfield code="t">C:4</subfield>
    <subfield code="y">LIB</subfield>
  </datafield>
  <datafield tag="952" ind1=" " ind2=" ">
    <subfield code="1">0</subfield>
    <subfield code="2">lcc</subfield>
    <subfield code="4">0</subfield>
    <subfield code="7">0</subfield>
    <subfield code="a">BACH-004</subfield>
    <subfield code="b">BACH-004</subfield>
    <subfield code="c">GENERAL</subfield>
    <subfield code="d">2016-11-09</subfield>
    <subfield code="k">CNE</subfield>
    <subfield code="o">QA551 G84 1992</subfield>
    <subfield code="p">PPO000005919</subfield>
    <subfield code="r">2016-11-09 00:00:00</subfield>
    <subfield code="t">C:1</subfield>
    <subfield code="y">LIB</subfield>
  </datafield>
  <datafield tag="952" ind1=" " ind2=" ">
    <subfield code="1">0</subfield>
    <subfield code="2">lcc</subfield>
    <subfield code="4">0</subfield>
    <subfield code="7">0</subfield>
    <subfield code="a">BACH-004</subfield>
    <subfield code="b">BACH-004</subfield>
    <subfield code="c">GENERAL</subfield>
    <subfield code="d">2016-11-09</subfield>
    <subfield code="k">CNE</subfield>
    <subfield code="o">QA551 G84 1992</subfield>
    <subfield code="p">PPO000005920</subfield>
    <subfield code="r">2016-11-09 00:00:00</subfield>
    <subfield code="t">C:2</subfield>
    <subfield code="y">LIB</subfield>
  </datafield>
  <datafield tag="952" ind1=" " ind2=" ">
    <subfield code="1">0</subfield>
    <subfield code="2">lcc</subfield>
    <subfield code="4">0</subfield>
    <subfield code="7">0</subfield>
    <subfield code="a">BACH-004</subfield>
    <subfield code="b">BACH-004</subfield>
    <subfield code="c">GENERAL</subfield>
    <subfield code="d">2016-11-09</subfield>
    <subfield code="k">CNE</subfield>
    <subfield code="o">QA551 G84 1992</subfield>
    <subfield code="p">PPO000005921</subfield>
    <subfield code="r">2016-11-09 00:00:00</subfield>
    <subfield code="t">C:3</subfield>
    <subfield code="y">LIB</subfield>
  </datafield>
  <datafield tag="952" ind1=" " ind2=" ">
    <subfield code="1">0</subfield>
    <subfield code="2">lcc</subfield>
    <subfield code="4">0</subfield>
    <subfield code="7">0</subfield>
    <subfield code="a">BACH-006</subfield>
    <subfield code="b">BACH-006</subfield>
    <subfield code="c">GENERAL</subfield>
    <subfield code="d">2019-10-31</subfield>
    <subfield code="f">1a.ed.</subfield>
    <subfield code="i">NMS</subfield>
    <subfield code="k">CNE</subfield>
    <subfield code="o">QA551 G84 2004</subfield>
    <subfield code="p">PIA000004320</subfield>
    <subfield code="r">2019-10-31 00:00:00</subfield>
    <subfield code="t">C:1</subfield>
    <subfield code="v">1.00</subfield>
    <subfield code="y">LIB</subfield>
  </datafield>
</record>
